| 000 | 00665cam a2200217 4500500 | ||
|---|---|---|---|
| 005 | 20260329004022.0 | ||
| 041 | _afre | ||
| 042 | _adc | ||
| 100 | 1 | 0 |
_aGuillot, Apolline _eauthor |
| 245 | 0 | 0 | _aDegas Danse Dessin. Hommage à Degas avec Paul Valéry |
| 260 | _c2017. | ||
| 500 | _a40 | ||
| 690 | _aCatalogue d’exposition | ||
| 690 | _aDanse | ||
| 690 | _aDegas | ||
| 690 | _aExposition | ||
| 690 | _amusée d’Orsay | ||
| 690 | _aPaul Valéry | ||
| 786 | 0 | _nPhilosophie magazine | 115 | 12-1 | 2017-12-01 | p. 62-62 | 1951-1787 | |
| 856 | 4 | 1 | _uhttps://shs.cairn.info/magazine-philosophie-magazine-2017-12-1-page-62?lang=fr&redirect-ssocas=7080 |
| 999 |
_c1829823 _d1829823 |
||